Statistieken voor Landen die beginnen met A

Klik hier om de quiz te nemen!

Algemene statistieken

  • Deze quiz is 3.222 keer genomen
  • De gemiddelde score is 7 van 10

Antwoordstatistieken

Land% Correct
Albanië
78%
Andorra
78%
Armenië
78%
Azerbeidzjan
72%
Australië
70%
Argentinië
69%
Algerije
68%
Angola
68%
Afghanistan
60%
Antigua en Barbuda
48%

Scoreverdeling

Percentiel versus Aantal Correcte Antwoorden

Procent van Mensen met Elke Score

Uw Scoregeschiedenis

U heeft deze quiz nog niet genomen